000 01198nam0a22002771 4500
001 rc\2608868
005 20110914170500.6
035 _a(NLR Aleph) 006772790
090 _a5962207
_c5962207
100 _a20110914d1930 |||y0rusy50 ca
101 0 _arus
102 _aRU
105 _ay z |||||
200 1 _aОтвет товарищам колхозникам
_fИ. Сталин
210 _a[Гурьев]
_cОК ВКП(б)
_d[1930]
_gтип. ОМХа
215 _a[2], 18 с.
_d21х15 см.
300 _aБез тит. л. и обложки. Описано по 3-й стр. текста
327 0 _aПервые 2 стр. вступ. статья: "Борьбу с извращениями, с ошибками нельзя смешивать с отступлением". Восканов
464 0 _12000#$aБорьбу с извращениями, с ошибками нельзя смешивать с отступлением$fВосканов
700 1 _aСталин
_bИ. В.
_gИосиф Виссарионович
702 1 _aВосканов
_4570
801 0 _aRU
_bNLR
_gpsbo
801 1 _aRU
_bELAR
_2rusmarc
852 _aNLR
_j30-10/1520
942 _cBOOK
980 _aNB